[Event "Titled Tuesday intern op 30th Apr Early"]
[Site "Chess.com INT"]
[Date "2024.04.30"]
[Round "8"]
[White "Balakrishnan, Praveen"]
[Black "Samant, Aditya S"]
[Result "0-1"]
[WhiteElo "2500"]
[BlackElo "2512"]
[PlyCount "124"]
[EventDate "2024.04.30"]
[EventType "swiss (blitz)"]
[EventRounds "11"]
[EventCountry "USA"]
[SourceTitle "CB19_2024"]
[SourceDate "2024.05.08"]
[SourceVersion "1"]
[SourceVersionDate "2024.05.08"]
[SourceQuality "1"]

1. c4 Nf6 2. Nc3 e5 3. g3 Bb4 4. Bg2 0-0 5. e4 Bxc3 6. bxc3 c6 7. Ne2 d5 8. cxd5 cxd5 9. exd5 Nxd5 10. 0-0 Nc6 11. f4 Bg4 12. h3 Nxc3 13. dxc3 Qxd1 14. Rxd1 Bxe2 15. Rd7 Ba6 16. Ba3 Rfe8 17. Bd5 Nd8 18. Re1 Rc8 19. Rxe5 Rxe5 20. fxe5 h5 21. c4 Ne6 22. c5 Bb5 23. Rxb7 Bc6 24. Bxc6 Rxc6 25. Rb5 Ra6 26. Rb3 Nd4 27. Rd3 Nb5 28. Bb2 Rxa2 29. Rb3 a6 30. Rb4 Kf8 31. Kf2 Ke7 32. Ke3 Kd7 33. Kd3 Kc6 34. Kc4 a5 35. Rb3 Ra4+ 36. Kd3 Kxc5 37. Bc1 Rb4 38. Be3+ Kd5 39. Kc2 Rxb3 40. Kxb3 Kxe5 41. Ka4 Nc3+ 42. Kxa5 Ne2 43. g4 hxg4 44. hxg4 Ke4 45. Bd2 Kf3 46. g5 Kg4 47. Kb5 Nd4+ 48. Kc4 Nf3 49. Bc3 g6 50. Kd5 Kf5 51. Kd6 Nxg5 52. Ke7 Ne4 53. Bd4 f6 54. Kf7 g5 55. Be3 g4 56. Kg7 g3 57. Kh6 Kg4 58. Kg6 f5 59. Bd4 f4 60. Bb6 f3 61. Bd4 f2 62. Bxf2 gxf2 0-1

[Event "Titled Tuesday intern op 30th Apr Early"]
[Site "Chess.com INT"]
[Date "2024.04.30"]
[Round "9"]
[White "Samant, Aditya S"]
[Black "Durarbayli, Vasif"]
[Result "0-1"]
[WhiteElo "2512"]
[BlackElo "2627"]
[PlyCount "108"]
[EventDate "2024.04.30"]
[EventType "swiss (blitz)"]
[EventRounds "11"]
[EventCountry "USA"]
[SourceTitle "CB19_2024"]
[SourceDate "2024.05.08"]
[SourceVersion "1"]
[SourceVersionDate "2024.05.08"]
[SourceQuality "1"]

1. b3 d5 2. Bb2 c5 3. e3 a6 4. Nf3 Nc6 5. d4 Nf6 6. Be2 cxd4 7. Nxd4 Nxd4 8. Qxd4 Bf5 9. Bd3 Bg6 10. 0-0 e6 11. Nd2 Rc8 12. Nf3 Bc5 13. Qa4+ Qd7 14. Qxd7+ Nxd7 15. Bxg7 Rg8 16. Bb2 Bh5 17. Ne5 Bd6 18. Nxd7 Kxd7 19. Kh1 Bg6 20. Rac1 Rc6 21. Rfe1 Bxd3 22. cxd3 Rgc8 23. Rxc6 Rxc6 24. Rc1 Rb6 25. Kg1 a5 26. Bd4 Rb4 27. Bc3 Rb6 28. Kf1 Ba3 29. Rc2 Ra6 30. Bb2 Bd6 31. g3 a4 32. bxa4 Rxa4 33. Ba1 b5 34. Ke2 b4 35. f4 b3 36. Rd2 Bb4 37. Rb2 Bc3 38. Rxb3 Rxa2+ 39. Kf3 Bxa1 40. Rb7+ Ke8 41. h4 Kf8 42. h5 h6 43. g4 Bf6 44. Rb8+ Kg7 45. Rb3 Rd2 46. e4 d4 47. e5 Bh4 48. Ke4 Bf2 49. f5 Bg3 50. f6+ Kh7 51. Kxd4 Re2 52. Rb5 Bf4 53. Ra5 Bc1 54. Ra7 Be3+ 0-1

[Event "Chessable Play In Match D3"]
[Site "Chess.com INT"]
[Date "2024.02.01"]
[Round "1.1"]
[White "Sarana, Alexey"]
[Black "Samant, Aditya S"]
[Result "1/2-1/2"]
[WhiteElo "2697"]
[BlackElo "2512"]
[PlyCount "82"]
[EventDate "2024.02.01"]
[EventType "k.o. (rapid)"]
[EventRounds "1"]
[EventCountry "USA"]
[SourceTitle "CB06_2024"]
[SourceDate "2024.02.07"]
[SourceVersion "1"]
[SourceVersionDate "2024.02.07"]
[SourceQuality "1"]

1. d4 Nf6 2. c4 e6 3. Nf3 d5 4. Nc3 Be7 5. Bg5 h6 6. Bxf6 Bxf6 7. cxd5 exd5 8. Qb3 c6 9. e3 0-0 10. Bd3 Qb6 11. Qc2 Be6 12. 0-0 Nd7 13. Rab1 a5 14. a3 Qc7 15. h3 Qd6 16. Rfc1 g6 17. Ne2 Rfc8 18. Nf4 Nf8 19. b4 axb4 20. axb4 Bd7 21. Qb2 Ne6 22. Ne5 Bxe5 23. dxe5 Qe7 24. Ne2 Ra7 25. f4 Rca8 26. Nc3 d4 27. exd4 Nxf4 28. Bf1 Qg5 29. Kh1 Bf5 30. Ra1 Rxa1 31. Rxa1 Rxa1 32. Qxa1 Qg3 33. Qc1 Qf2 34. e6 Bxe6 35. Ne4 Ne2 36. Bxe2 Qxe2 37. Nf6+ Kg7 38. Ne8+ Kh7 39. Nf6+ Kg7 40. Ne8+ Kf8 41. Nf6 Kg7 1/2-1/2

[Event "Chessable Masters Play In"]
[Site "Chess.com INT"]
[Date "2024.01.31"]
[Round "6"]
[White "Rakhmanov, Alexander"]
[Black "Samant, Aditya S"]
[Result "1-0"]
[WhiteElo "2614"]
[BlackElo "2512"]
[PlyCount "95"]
[EventDate "2024.01.31"]
[EventType "swiss (rapid)"]
[EventRounds "9"]
[EventCountry "USA"]
[SourceTitle "CB06_2024"]
[SourceDate "2024.02.07"]
[SourceVersion "1"]
[SourceVersionDate "2024.02.07"]
[SourceQuality "1"]

1. c4 Nf6 2. Nc3 e5 3. g3 d5 4. cxd5 Nxd5 5. Bg2 Nb6 6. e3 Be7 7. Nge2 0-0 8. 0-0 Nc6 9. b3 Bf5 10. Bb2 Bd3 11. f4 exf4 12. Rxf4 Bd6 13. Rf2 Qd7 14. Nf4 Ba6 15. Ne4 f6 16. Bh3 f5 17. Qh5 Be5 18. Bxe5 Nxe5 19. Nc5 Qf7 20. Qxf7+ Rxf7 21. Rc1 Rd8 22. Nfe6 Rd6 23. d4 Ng4 24. Bxg4 fxg4 25. Rxf7 Kxf7 26. Nxc7 Be2 27. Ne4 Rd7 28. Rc3 Kg6 29. Nd2 Rf7 30. Ne6 Nd5 31. Rc5 Rf6 32. Rxd5 Rxe6 33. Kf2 Ba6 34. Rc5 Rf6+ 35. Ke1 Rf7 36. e4 b6 37. Rc6+ Kg5 38. d5 h5 39. a4 h4 40. b4 Bd3 41. b5 hxg3 42. hxg3 Re7 43. d6 Rd7 44. Kf2 Kf6 45. Ke3 Bb1 46. Nxb1 Ke5 47. Nd2 Rxd6 48. Nc4+ 1-0

[Event "Qatar Masters op"]
[Site "Doha"]
[Date "2023.10.18"]
[Round "7"]
[White "Zou, Chen"]
[Black "Samant, Aditya S"]
[Result "1-0"]
[WhiteElo "2418"]
[BlackElo "2511"]
[PlyCount "129"]
[EventDate "2023.10.11"]
[EventType "swiss"]
[EventRounds "9"]
[EventCountry "QAT"]
[SourceTitle "Mega2024 Update 01"]
[Source "Chessbase"]
[SourceDate "2023.11.12"]
[SourceVersion "1"]
[SourceVersionDate "2023.11.12"]
[SourceQuality "1"]

1. e4 c5 2. Nf3 d6 3. d4 cxd4 4. Nxd4 Nf6 5. Nc3 Nc6 6. Bg5 e6 7. Qd2 a6 8. 0-0-0 Bd7 9. f4 b5 10. Bxf6 gxf6 11. Kb1 Qb6 12. Nxc6 Bxc6 13. f5 Qc5 14. fxe6 fxe6 15. Bd3 h5 16. Qe1 Qe5 17. Qf2 Bg7 18. Rde1 0-0 19. Rhg1 Qc5 20. Qd2 Qg5 21. Qe2 Bh6 22. h4 Qg4 23. Qf2 Bf4 24. g3 Be5 25. Be2 Qg7 26. g4 Qa7 27. Qf3 Kh8 28. gxh5 Rg8 29. Rg6 Rxg6 30. hxg6 Kg7 31. h5 Rh8 32. Qh3 Bd7 33. Bg4 Qf2 34. Rh1 f5 35. h6+ Kxg6 36. Bxf5+ Kf6 37. Nd5+ exd5 38. Bxd7 Ke7 39. Bc6 Qa7 40. exd5 Kd8 41. a3 Rh7 42. Qg2 Kc7 43. Qg8 Re7 44. Qf8 Rh7 45. Rf1 Qd4 46. Rf7+ Rxf7 47. Qxf7+ Kb6 48. Qb7+ Kc5 49. Qa7+ Kc4 50. Qxd4+ Bxd4 51. b4 Bc3 52. h7 Bh8 53. Bb7 Bg7 54. Bxa6 Bh8 55. a4 Kxb4 56. Bxb5 Bc3 57. Kc1 Kc5 58. Bc6 Kb6 59. Kd1 Kc7 60. Ke2 Kd8 61. a5 Kc7 62. a6 Kb6 63. Bb7 Be5 64. Kf3 Ka7 65. Kg4 1-0

[Event "Biel HTO 56th"]
[Site "Biel"]
[Date "2023.07.18"]
[Round "2"]
[White "Seul, Georg"]
[Black "Samant, Aditya S"]
[Result "0-1"]
[WhiteElo "2376"]
[BlackElo "2510"]
[PlyCount "76"]
[EventDate "2023.07.17"]
[EventType "swiss"]
[EventRounds "10"]
[EventCountry "SUI"]
[SourceTitle "CBM 215 Extra"]
[Source "ChessBase"]
[SourceDate "2023.09.30"]
[SourceVersion "1"]
[SourceVersionDate "2023.09.30"]
[SourceQuality "1"]

1. e4 c5 2. Nf3 Nc6 3. Bb5 e6 4. Bxc6 bxc6 5. b3 f6 6. 0-0 Ne7 7. Ba3 d6 8. d4 cxd4 9. Qxd4 c5 10. Qe3 Nc6 11. Nbd2 Be7 12. Rfd1 0-0 13. Nf1 Qc7 14. Bb2 a5 15. a4 Rb8 16. Qe2 f5 17. exf5 Rxf5 18. Ne3 Rf7 19. Rd3 Ba6 20. c4 Nb4 21. Rdd1 Rbf8 22. Rf1 Bb7 23. Nd2 Bg5 24. Rad1 Bf4 25. h3 d5 26. Ng4 d4 27. f3 h5 28. Nf2 Nc2 29. Qxe6 Ne3 30. Nde4 Bc8 31. Qg6 Bf5 32. Qxh5 Qb6 33. Qh4 Nxd1 34. Qxf4 Nxb2 35. Qd2 Qxb3 36. Rb1 Rb8 37. Nd1 Qxa4 38. Rxb2 Rxb2 0-1

[Event "Asian Continental op 20th"]
[Site "Almaty"]
[Date "2023.06.08"]
[Round "6"]
[White "Isanzhulov, Arystan"]
[Black "Samant, Aditya S"]
[Result "1/2-1/2"]
[WhiteElo "2408"]
[BlackElo "2503"]
[PlyCount "145"]
[EventDate "2023.06.04"]
[EventType "swiss"]
[EventRounds "9"]
[EventCountry "KAZ"]
[SourceTitle "CBM 214 Extra"]
[Source "ChessBase"]
[SourceDate "2023.07.31"]
[SourceVersion "1"]
[SourceVersionDate "2023.07.31"]
[SourceQuality "1"]

1. e4 c5 2. Nf3 d6 3. Bb5+ Nd7 4. d4 cxd4 5. Nxd4 Ngf6 6. 0-0 a6 7. Bd3 Nc5 8. Nc3 e6 9. Re1 Be7 10. Bf1 Qc7 11. a4 b6 12. Qf3 0-0 13. b3 Bb7 14. Bb2 Rac8 15. Qg3 g6 16. Bc4 e5 17. Nf5 Ncxe4 18. Nxe4 Nxe4 19. Nxe7+ Qxe7 20. Qe3 Qc7 21. Rad1 b5 22. axb5 axb5 23. Bxb5 Qxc2 24. Ba1 Qc7 25. f3 Nf6 26. Kh1 Nd5 27. Qh6 Qc2 28. Bf1 Ba8 29. b4 Rfe8 30. b5 Nf4 31. Qh4 Bd5 32. b6 Rb8 33. Rb1 Qa2 34. Rb4 Ne6 35. Kg1 Qa5 36. Reb1 Qc5+ 37. Qf2 Qxf2+ 38. Kxf2 Rec8 39. Rd1 Rc2+ 40. Ke3 Rc5 41. g3 Ra5 42. Bb2 Kf8 43. f4 exf4+ 44. gxf4 Ke7 45. Rd3 Bc6 46. Bc3 Ra2 47. Rxd6 Kxd6 48. Be5+ Kc5 49. Rc4+ Kxb6 50. Rb4+ Kc5 51. Rxb8 Rxh2 52. Bb2 Kd6 53. Be5+ Kc5 54. Bb2 Kd6 55. Be5+ Ke7 56. Rb6 Rh1 57. Bd3 Rh3+ 58. Kd2 Kd7 59. Bc4 Rh2+ 60. Ke1 Rc2 61. Bb3 Rc5 62. Kf2 g5 63. Ra6 Nxf4 64. Ra7+ Kc8 65. Bxf4 gxf4 66. Rxf7 f3 67. Bd1 h5 68. Bxf3 Rc2+ 69. Kg1 Bxf3 70. Rxf3 h4 71. Rf4 h3 72. Rh4 h2+ 73. Rxh2 1/2-1/2

[Event "Asian Continental op 20th"]
[Site "Almaty"]
[Date "2023.06.07"]
[Round "5"]
[White "Samant, Aditya S"]
[Black "Erigaisi, Arjun Kumar"]
[Result "0-1"]
[WhiteElo "2503"]
[BlackElo "2702"]
[PlyCount "96"]
[EventDate "2023.06.04"]
[EventType "swiss"]
[EventRounds "9"]
[EventCountry "KAZ"]
[SourceTitle "CBM 214 Extra"]
[Source "ChessBase"]
[SourceDate "2023.07.31"]
[SourceVersion "1"]
[SourceVersionDate "2023.07.31"]
[SourceQuality "1"]

1. e4 e5 2. Nf3 Nc6 3. Bb5 a6 4. Ba4 d6 5. 0-0 Bg4 6. h3 h5 7. Bxc6+ bxc6 8. d4 Bxf3 9. Qxf3 exd4 10. Rd1 Qf6 11. Qb3 Ne7 12. Qb7 Rd8 13. c3 g5 14. cxd4 g4 15. Qb3 Qh4 16. Nd2 Bg7 17. Qd3 gxh3 18. g3 Qg4 19. Nf1 f5 20. Re1 0-0 21. Nh2 Qg6 22. Bf4 fxe4 23. Qxe4 Qxe4 24. Rxe4 Nd5 25. Bd2 Rb8 26. Rb1 Rfe8 27. Rxe8+ Rxe8 28. Nf3 Rf8 29. Ng5 h2+ 30. Kg2 Bxd4 31. Nf3 Bxb2 32. Bh6 Bg7 33. Bxg7 Kxg7 34. Nd4 Re8 35. Nxc6 Re2 36. Rh1 Rxa2 37. Rxh2 Nf6 38. Rh4 a5 39. Rf4 a4 40. Nd4 Ng4 41. Ne6+ Kg6 42. Kg1 a3 43. Nf8+ Kh6 44. Rf7 Rxf2 45. Rh7+ Kg5 46. Rg7+ Kf6 47. Rxc7 a2 48. Ra7 Rb2 0-1

[Event "Asian Continental op 20th"]
[Site "Almaty"]
[Date "2023.06.06"]
[Round "4"]
[White "Samant, Aditya S"]
[Black "Liyanage, Ranindu Dilshan"]
[Result "1-0"]
[WhiteElo "2503"]
[BlackElo "2361"]
[PlyCount "63"]
[EventDate "2023.06.04"]
[EventType "swiss"]
[EventRounds "9"]
[EventCountry "KAZ"]
[SourceTitle "CBM 214 Extra"]
[Source "ChessBase"]
[SourceDate "2023.07.31"]
[SourceVersion "1"]
[SourceVersionDate "2023.07.31"]
[SourceQuality "1"]

1. e4 e6 2. d4 d5 3. Nd2 c5 4. Ngf3 cxd4 5. Nxd4 Nf6 6. exd5 Nxd5 7. N2f3 Bb4+ 8. Bd2 0-0 9. Bc4 Bxd2+ 10. Qxd2 b6 11. 0-0-0 Bb7 12. Ng5 Qc7 13. Bd3 Nf6 14. Ngxe6 fxe6 15. Nxe6 Qf7 16. Nxf8 Qxf8 17. Bc4+ Kh8 18. f3 Nc6 19. Rhe1 Qc5 20. Be6 h6 21. Qd6 Qxd6 22. Rxd6 Nb4 23. a3 Nbd5 24. Bxd5 Bxd5 25. Rd1 Bb7 26. Rd8+ Rxd8 27. Rxd8+ Kh7 28. c4 Kg6 29. b4 Bc6 30. b5 Be8 31. Ra8 Bf7 32. c5 1-0

[Event "Baku op"]
[Site "Baku"]
[Date "2023.05.08"]
[Round "5"]
[White "Samant, Aditya S"]
[Black "Salimova, Nurgyul"]
[Result "1/2-1/2"]
[WhiteElo "2496"]
[BlackElo "2391"]
[PlyCount "150"]
[EventDate "2023.05.04"]
[EventType "swiss"]
[EventRounds "9"]
[EventCountry "AZE"]
[SourceTitle "CBM 214 Extra"]
[Source "ChessBase"]
[SourceDate "2023.07.31"]
[SourceVersion "1"]
[SourceVersionDate "2023.07.31"]
[SourceQuality "1"]

1. e4 e5 2. Nf3 Nc6 3. Bb5 a6 4. Ba4 Nf6 5. 0-0 Nxe4 6. d4 b5 7. Bb3 d5 8. Nxe5 Nxe5 9. dxe5 c6 10. a4 b4 11. Be3 a5 12. c4 bxc3 13. bxc3 Be7 14. c4 Be6 15. Qc2 0-0 16. Rd1 Rc8 17. Nc3 Nxc3 18. Qxc3 Bb4 19. Qc2 Qh4 20. f4 Qh5 21. Qa2 dxc4 22. Bxc4 Rcd8 23. Rf1 Rd3 24. Bxe6 Rxe3 25. Bd7 Qg6 26. Qc4 Rc3 27. Qe2 Rd8 28. f5 Qg5 29. e6 Qe3+ 30. Qxe3 Rxe3 31. Rac1 c5 32. Rc4 Kf8 33. Rg4 Bc3 34. g3 Bd4 35. Kg2 Ke7 36. Rh4 h6 37. Rb1 Kf6 38. Rf4 Re2+ 39. Kh3 Be5 40. Rc4 Bd4 41. Rcc1 g5 42. Re1 g4+ 43. Kxg4 Rxh2 44. Rb6 Rg8+ 45. Kf4 Rf2+ 46. Ke4 Rxg3 47. exf7+ Kxf7 48. Be6+ Kf6 49. Bc8+ Kf7 50. Kd5 Re3 51. Be6+ Kf6 52. Bc8+ Kf7 53. Rh1 Re5+ 54. Kd6 Rb2 55. Be6+ Kg7 56. Rxb2 Bxb2 57. Ke7 c4 58. f6+ Kg6 59. Rg1+ Rg5 60. Bf7+ Kh7 61. Rf1 Ba3+ 62. Ke8 Re5+ 63. Kd7 c3 64. Bb3 Re2 65. f7 c2 66. Rc1 Re7+ 67. Kc6 Rxf7 68. Bxf7 Bxc1 69. Bb3 Kg6 70. Bxc2+ Kg5 71. Kd5 Kf4 72. Bd1 Bd2 73. Kd4 Kg5 74. Ke4 h5 75. Kf3 h4 1/2-1/2

[Event "Baku op"]
[Site "Baku"]
[Date "2023.05.07"]
[Round "4"]
[White "Abasov, Nijat Azad"]
[Black "Samant, Aditya S"]
[Result "1-0"]
[WhiteElo "2634"]
[BlackElo "2496"]
[PlyCount "89"]
[EventDate "2023.05.04"]
[EventType "swiss"]
[EventRounds "9"]
[EventCountry "AZE"]
[SourceTitle "CBM 214 Extra"]
[Source "ChessBase"]
[SourceDate "2023.07.31"]
[SourceVersion "1"]
[SourceVersionDate "2023.07.31"]
[SourceQuality "1"]

1. e4 c5 2. Nf3 d6 3. Bb5+ Nd7 4. c4 a6 5. Ba4 Ngf6 6. Nc3 g6 7. 0-0 Bg7 8. d3 0-0 9. h3 Rb8 10. a3 Nb6 11. Bc2 Nbd7 12. Ba4 Nb6 13. Bc2 Nbd7 14. Rb1 b5 15. b4 Ne8 16. Nd5 Nc7 17. Bg5 Re8 18. Qd2 Ne6 19. Bh4 Bb7 20. bxc5 dxc5 21. Bg3 Ra8 22. cxb5 axb5 23. Rxb5 Bxd5 24. exd5 Nc7 25. Rb7 Nxd5 26. Bb3 N7b6 27. Ng5 Rf8 28. Rb1 c4 29. dxc4 Qc8 30. cxd5 Qxb7 31. d6 exd6 32. Bxf7+ Rxf7 33. Nxf7 Qd5 34. Nh6+ Kh8 35. Qf4 Rf8 36. Qxd6 Bxh6 37. Qxb6 Bg7 38. Qc7 h5 39. Rb7 Qd4 40. Qe7 Qa1+ 41. Kh2 Qd4 42. Qe6 h4 43. Bd6 Rf5 44. f4 Rd5 45. Rxg7 1-0

[Event "Baku op"]
[Site "Baku"]
[Date "2023.05.04"]
[Round "1"]
[White "Bayramov, Zaur"]
[Black "Samant, Aditya S"]
[Result "0-1"]
[WhiteElo "2310"]
[BlackElo "2496"]
[PlyCount "58"]
[EventDate "2023.05.04"]
[EventType "swiss"]
[EventRounds "9"]
[EventCountry "AZE"]
[SourceTitle "CBM 214 Extra"]
[Source "ChessBase"]
[SourceDate "2023.07.31"]
[SourceVersion "1"]
[SourceVersionDate "2023.07.31"]
[SourceQuality "1"]

1. d4 Nf6 2. c4 e6 3. Nc3 Bb4 4. e3 0-0 5. Bd3 d5 6. Nge2 c5 7. a3 Bxc3+ 8. bxc3 dxc4 9. Bxc4 Qc7 10. Ba2 b6 11. 0-0 Ba6 12. Re1 Nc6 13. Ng3 Rad8 14. Nh5 Nxh5 15. Qxh5 Na5 16. e4 cxd4 17. cxd4 Rxd4 18. Bb2 Rd2 19. Bc1 Rc2 20. Be3 Qc3 21. Qd1 Bd3 22. Bb1 Be2 23. Bd4 Bxd1 24. Bxc3 Rxc3 25. Rxd1 Rfc8 26. Ra2 Rc1 27. Rad2 Kf8 28. g3 Rxd1+ 29. Rxd1 Ke7 0-1